Ciencia y tecnología en América Latina en el siglo XXI
Spremljeno u:
| Autor kompanije: | |
|---|---|
| Format: | Nepoznato |
| Izdano: |
San José:
El Consejo
|
| Oznake: |
Dodaj oznaku
Bez oznaka, Budi prvi tko označuje ovaj zapis!
|
MARC
| LEADER | 00000 a2200000 04500 | ||
|---|---|---|---|
| 001 | 19504 | ||
| 003 | |||
| 008 | 991231s d | ||
| 040 | |||
| 090 | |a 023506 | ||
| 110 | |a Consejo Nacional de Investigaciones Científicas y Tecnológicas | ||
| 245 | |a Ciencia y tecnología en América Latina en el siglo XXI | ||
| 260 | |a San José: |b El Consejo | ||
| 300 | |a p. varia | ||
| 999 | |c 12286 |d 12286 | ||
